| 000 | 01548nam0a2200361 4500 | ||
|---|---|---|---|
| 001 | RU\NLR\bibl\968506 | ||
| 005 | 20250614210509.0 | ||
| 010 |
_a5-8291-0653-1 _bАкадемический проект |
||
| 010 |
_a5-902358-73-6 _bТрикста _93000 |
||
| 021 |
_aRU _b2006-29694 _91481 |
||
| 035 | _a(NLR Aleph) 000956480 | ||
| 090 |
_a312422 _c312422 |
||
| 100 | _a20060718d2006 |||y0rusy50 ca | ||
| 101 | 0 | _arus | |
| 102 | _aRU | ||
| 105 | _aa ||||||||| | ||
| 200 | 1 |
_aИсследование систем управления _e(диагностика) _eучебное пособие по специальности "Менеджмент организации" _fН. Н. Ползунова, В. Н. Краев |
|
| 210 |
_aМосква _cТрикста _cАкадемический проект _d2006 |
||
| 215 |
_a231, [3] с. _cил. _d21 |
||
| 225 | 1 | _aУчебное пособие для высшей школы | |
| 225 | 1 | _aGaudeamus | |
| 320 | _aБиблиогр.: с. 230-232 (26 назв.) | ||
| 606 | 1 |
_aСистемы управления _jУчебные издания для высших учебных заведений _91044877 _3RU\NLR\auth\6684948 |
|
| 686 | _aУ21(0)2я73 | ||
| 700 | 1 |
_aПолзунова _bН. Н. _gНаталья Николаевна _4070 |
|
| 701 | 1 |
_aКраев _bВ. Н. _gВладимир Николаевич _4070 |
|
| 801 | 0 |
_aRU _bNLR _c20060718 _grcr |
|
| 801 | 1 |
_aRU _bNLR _c20060718 |
|
| 830 | _aАвт. по кн | ||
| 942 | _cBOOK | ||
| 980 | _aNB | ||